Loading...
History - Other History | 0 | 4 | 0 | 0 | 40 | 77 | 94.00 | 0 | 3 |
Philosophy | 1 | 2 | 1 | 0 | 30 | 57 | 87.00 | 0 | 2 |
History - US History | 0 | 3 | 0 | 1 | 30 | 91 | 125.33 | 1 | 2 |
Literature - European Literature | 0 | 3 | 0 | 0 | 30 | 114 | 126.67 | 0 | 1 |
Fine Arts - Other Fine Arts | 0 | 2 | 0 | 0 | 20 | 100 | 109.50 | 1 | 1 |
Fine Arts - Classical Music and Opera | 0 | 2 | 0 | 1 | 20 | 143 | 149.50 | 0 | 1 |
Beliefs | 0 | 2 | 1 | 0 | 15 | 119 | 131.00 | 2 | 2 |
Modern World | 1 | 0 | 0 | 0 | 15 | 68 | 68.00 | 0 | 1 |
Geography | 1 | 0 | 0 | 0 | 15 | 32 | 32.00 | 0 | 1 |
Social Science | 0 | 1 | 0 | 1 | 10 | 147 | 147.00 | 0 | 0 |
History - World History | 1 | 0 | 1 | 0 | 10 | 68 | 68.00 | 1 | 1 |
Literature - American Literature | 0 | 1 | 0 | 0 | 10 | 114 | 114.00 | 0 | 0 |
Science - Physics | 0 | 1 | 0 | 0 | 10 | 75 | 75.00 | 1 | 1 |
Literature - British Literature | 0 | 1 | 1 | 0 | 5 | 142 | 142.00 | 0 | 0 |
Literature - World Literature | 0 | 1 | 1 | 0 | 5 | 102 | 102.00 | 0 | 0 |
History - European History | 0 | 0 | 0 | 0 | 0 | 0.00 | 0 | 0 | |
Fine Arts - Visual Fine Arts | 0 | 0 | 1 | 0 | -5 | 0.00 | 0 | 0 |